| 000 | 01123cam a22001934a 4500 | ||
|---|---|---|---|
| 005 | 20250605163412.0 | ||
| 008 | 250528s ||||||||||||||||||||||||d | ||
| 035 | _a18424 | ||
| 020 | _a550164 | ||
| 040 |
_aGR-AtMCL _bgre _dGR-AtMCL _eAACR2 |
||
| 245 | 1 |
_aΕισαγωγή στην Οικονομετρία. _nΤόμος Δεύτερος |
|
| 260 |
_bGutenberg, _c2000 |
||
| 300 | _a488 | ||
| 520 | _aΟικονομετρικά Προβλήματα, Σφάλματα Μετρήσεως στις Μεταβλητές, Ειδικά Θέματα, Εξωγενείς Πληροφορίες, Ομαδοποίηση των Παρατηρήσεων, Υποδείγματα Κατανεμόμενων Χρονικών Υστερήσεων, Συστήματα Εξισώσεων, Συστήματα Εξισώσεων: Το Πρόβλημα της Ταυτοποιήσεως, Μέθοδοι Εκτιμήσεως, Συστήματα Εξισώσεων, Πρόσθετη Βιβλιογραφία, Ευρετήριο. | ||
| 700 | 1 | _aΧρήστου Γεώργιος Κ | |
| 942 | _cBK | ||
| 999 |
_c3785 _d3785 |
||